BIBLIOTECA

SENCICO

Topografía aplicada a la construcción / (Registro nro. 488)

Detalles MARC
000 -LEADER
fixed length control field 01909nam a2200277Ia 4500
003 - CONTROL NUMBER IDENTIFIER
control field PE SENCICO BE
005 - DATE AND TIME OF LATEST TRANSACTION
control field 20251020182439.0
008 - FIXED-LENGTH DATA ELEMENTS--GENERAL INFORMATION
fixed length control field 200515s9999 xx 000 0 und d
040 ## - CATALOGING SOURCE
Original cataloging agency PE SENCICO BE
Transcribing agency PE SENCICO BE
041 ## - LANGUAGE CODE
Language code of text/sound track or separate title spa
082 ## - DEWEY DECIMAL CLASSIFICATION NUMBER
Classification number 526.9
Item number B23
100 1# - MAIN ENTRY--PERSONAL NAME
Personal name Austin Barry, B.
Relator term autor
245 10 - TITLE STATEMENT
Title Topografía aplicada a la construcción /
Statement of responsibility, etc. B. Austin Barry
250 ## - EDITION STATEMENT
Edition statement 1a ed.
260 ## - PUBLICATION, DISTRIBUTION, ETC.
Place of publication, distribution, etc. México, D.F. :
Name of publisher, distributor, etc. Limusa ;
Date of publication, distribution, etc. 1976
300 ## - PHYSICAL DESCRIPTION
Extent 346 páginas :
Other physical details ilustraciones, tablas, gráficos ;
Dimensions 22 cm.
490 ## - SERIES STATEMENT
Series statement Biblioteca Limusa para la industria de la construcción
505 0# - FORMATTED CONTENTS NOTE
Formatted contents note Elementos de medición en la construcción -- Diferencias de nivel -- Medición de distancias con cinta o longímetro -- Direcciones y medidas angulares -- Otros métodos para medir distancias -- Trazos de ángulos -- Estacas, trompos y señales de control para las construcciones -- Trazos y sistemas de coordenadas -- Normas para trazar una construcción -- Trazos para la construcción de edificios -- Excavación de zanjas y tendido de tuberías -- Planeación y trazo preliminar de caminos -- Curvas circulares horizontales -- Curvas parabólicas verticales -- Colocación de estacas para el trazo de caminos -- Lumbreras y túneles -- Mediciones mar adentro -- Diversas técnicas de campo y de oficina -- Medición de áreas y volúmenes -- Computaciones volumétricas
520 3# - SUMMARY, ETC.
Summary, etc. Brinda indicaciones precisas sobre la manera de colocar estacas en el sitio de construcción y de transferir a la estructura los detalles contenido en el plano, proporciona datos prácticos acerca de las técnicas adoptadas en la industria de la construcción.
650 10 - SUBJECT ADDED ENTRY--TOPICAL TERM
Topical term or geographic name entry element Topografía
9 (RLIN) 4
650 20 - SUBJECT ADDED ENTRY--TOPICAL TERM
Topical term or geographic name entry element Industria de la construcción
9 (RLIN) 417
650 20 - SUBJECT ADDED ENTRY--TOPICAL TERM
Topical term or geographic name entry element Construcción de edificios
9 (RLIN) 3259
650 20 - SUBJECT ADDED ENTRY--TOPICAL TERM
Topical term or geographic name entry element Instrumentos de topografía
9 (RLIN) 997
650 20 - SUBJECT ADDED ENTRY--TOPICAL TERM
Topical term or geographic name entry element Nivelación de terrenos
9 (RLIN) 3229
942 ## - ADDED ENTRY ELEMENTS (KOHA)
Koha item type Libros
Source of classification or shelving scheme Dewey Decimal Classification
Existencias
Fecha de la última vez que lo usaron Número de ingreso o de inventario Pago total Signatura topográfica completa Código de barras Precio efectivo desde Tipo de documento Estado perdido Sistema de clasificación Estado dañado No es para préstamo Retirado Ubicación permanente Ubicación actual Fecha de adquisición
15/05/2020 208   526.9/B23 BibLima25080015 15/05/2020 Libros   Dewey Decimal Classification       Biblioteca Central Lima Biblioteca Central Lima 15/05/2020